000 00957nas a2200301 4500
001 BR0302012
003 BR-BrBNA
005 20231205103727.0
007 ta
008 230509b bl.|||p| |||| 00| 00por d
040 _aBR-BrBNA
_bpor
_cBiblioteca Nacional de Agricultura
041 _a(Pt)
072 _aN01
100 1 _aGonçalves, J.S.
100 1 _aSouza, S.A.M.
100 1 _aSilveira, S.M. da
100 1 _aBarros Filho, S. de
245 1 _aDistribuição da malha viária rural e da produção agropecuária municipal do Estado de São Paulo
650 _aAGRICULTURA
650 _aPECUÁRIA
650 _aESTRADA RURAL
650 _aPLANEJAMENTO AGRÍCOLA
650 _aANÁLISE ECONÔMICA
650 _aSÃO PAULO
773 0 _tInformações Econômicas - Instituto de Economia Agrícola (Brazil)
_xISSN 0100-4409
_g(Jan 2003), v. 33(1) p. 41-91
_wBR0302012
909 _a202311
_bLúcia
_c55
_dLúcia Elande
942 _2AGRIS
_n0
_cANA
999 _c174406
_d174406